| 000 | 00984nam a2200253Ia 4500 | ||
|---|---|---|---|
| 003 | OSt | ||
| 005 | 20220923211238.0 | ||
| 006 | a|||||r|||| 00| 0 | ||
| 007 | ta | ||
| 008 | 220922b |||||||| |||| 00| 0 hin d | ||
| 020 |
_a9788173917183 (HBK) _c700 |
||
| 024 | _a245,818 | ||
| 037 |
_b01509, 21/02/2011, Kanishka Publishers Distributors _cTextual |
||
| 040 |
_aARTS _cARTS _bhin |
||
| 041 |
_2hin _ahin |
||
| 082 | _aNR44wN12, 152Q0 | ||
| 100 | _aतेजपाल सिंह | ||
| 245 | 0 |
_aसंगीत के देदीप्यान सूर्य _b उस्ताद अमीर खॉं |
|
| 246 | _aSangīt ke dedīpyān sūrya: ustād amīr khaॉan | ||
| 260 |
_aनई दिल्ली _b कनिष्क पब्लिशर्स _c2010 |
||
| 300 |
_a213पृ. _ccm. |
||
| 942 |
_hNR44wN12, 152Q0 _cTEXL _2CC |
||
| 999 |
_c297575 _d297575 |
||